[Event "World Chess Olympiad 2018"]
[Site "Batumi"]
[Date "2018.10.01"]
[Round "7"]
[Board "4"]
[WhiteFideId "13101439"]
[White "Razanadrakotoarisoa Toavina"]
[BlackFideId "11900113"]
[Black "Luxama Jacques Muller"]
[Result "1-0"]
[LiveChessVersion "1.4.8"]
[BlackElo "1904"]
[WhiteElo "2013"]

1. e4 {[%clk 1:30:54]} c5 {[%clk 1:30:54]} 2. Nf3 {[%clk 1:31:04]} d6
{[%clk 1:31:13]} 3. d4 {[%clk 1:31:27]} cxd4 {[%clk 1:31:32]} 4. Nxd4
{[%clk 1:31:49]} Nf6 {[%clk 1:31:46]} 5. Nc3 {[%clk 1:32:04]} a6 {[%clk 1:32:01]}
6. a4 {[%clk 1:32:07]} e6 {[%clk 1:32:14]} 7. Be3 {[%clk 1:31:45]} Be7
{[%clk 1:32:14]} 8. Bd3 {[%clk 1:31:27]} Nc6 {[%clk 1:32:19]} 9. O-O
{[%clk 1:29:34]} O-O {[%clk 1:32:27]} 10. f4 {[%clk 1:28:00]} Qc7
{[%clk 1:32:19]} 11. Kh1 {[%clk 1:24:25]} Bd7 {[%clk 1:32:16]} 12. Qe2
{[%clk 1:22:21]} Rfe8 {[%clk 1:31:57]} 13. Nb3 {[%clk 1:22:03]} Na5
{[%clk 1:29:51]} 14. Nd2 {[%clk 1:21:50]} Rac8 {[%clk 1:27:20]} 15. Bg1
{[%clk 1:19:43]} Bf8 {[%clk 1:23:48]} 16. e5 {[%clk 1:17:41]} Nd5
{[%clk 1:23:30]} 17. Nxd5 {[%clk 1:15:58]} exd5 {[%clk 1:23:52]} 18. Rae1
{[%clk 1:12:40]} Nc4 {[%clk 1:21:28]} 19. b3 {[%clk 1:11:48]} Nxd2
{[%clk 1:21:30]} 20. Qxd2 {[%clk 1:12:10]} dxe5 {[%clk 1:21:46]} 21. fxe5
{[%clk 1:12:14]} g6 {[%clk 1:11:23]} 22. Qf4 {[%clk 1:10:13]} Be6
{[%clk 1:10:28]} 23. Qg3 {[%clk 1:07:07]} Bg7 {[%clk 1:10:03]} 24. Bd4
{[%clk 1:05:35]} Rb8 {[%clk 1:04:43]} 25. Re2 {[%clk 1:02:57]} b5
{[%clk 1:01:19]} 26. axb5 {[%clk 1:03:13]} axb5 {[%clk 1:01:49]} 27. Ref2
{[%clk 1:00:39]} Rb7 {[%clk 1:00:58]} 28. Qe3 {[%clk 0:54:09]} Qb8
{[%clk 0:53:37]} 29. Re1 {[%clk 0:41:18]} Qd8 {[%clk 0:52:42]} 30. Bc5
{[%clk 0:21:47]} Qh4 {[%clk 0:50:15]} 31. Bd6 {[%clk 0:17:54]} Bh6
{[%clk 0:48:43]} 32. Qg3 {[%clk 0:15:12]} Qxg3 {[%clk 0:48:41]} 33. hxg3
{[%clk 0:15:41]} Bf8 {[%clk 0:48:55]} 34. Bxf8 {[%clk 0:15:15]} Kxf8
{[%clk 0:48:45]} 35. Ra1 {[%clk 0:13:08]} Bd7 {[%clk 0:48:02]} 36. Re2
{[%clk 0:13:24]} b4 {[%clk 0:40:17]} 37. Ra5 {[%clk 0:12:56]} Be6
{[%clk 0:39:13]} 38. Kg1 {[%clk 0:08:56]} Rbb8 {[%clk 0:39:09]} 39. Re1
{[%clk 0:08:39]} Kg7 {[%clk 0:34:21]} 40. Kf2 {[%clk 0:38:42]} Kh6
{[%clk 1:02:12]} 41. Rh1+ {[%clk 0:33:29]} Kg7 {[%clk 1:02:30]} 42. Rh4
{[%clk 0:32:52]} Rb6 {[%clk 1:00:12]} 43. Rb5 {[%clk 0:31:54]} Rxb5
{[%clk 0:59:42]} 44. Bxb5 {[%clk 0:32:18]} Rb8 {[%clk 0:59:53]} 45. Bd3
{[%clk 0:31:20]} h5 {[%clk 0:58:16]} 46. Ke3 {[%clk 0:28:56]} Kf8
{[%clk 0:58:37]} 47. Kd4 {[%clk 0:28:16]} Ke7 {[%clk 0:57:41]} 48. Kc5
{[%clk 0:28:06]} Bc8 {[%clk 0:55:48]} 49. Rxb4 {[%clk 0:12:27]} Rxb4
{[%clk 0:55:33]} 50. Kxb4 {[%clk 0:12:54]} Ke6 {[%clk 0:55:52]} 51. Kc5
{[%clk 0:13:19]} Kxe5 {[%clk 0:56:10]} 52. Kc6 {[%clk 0:13:10]} g5
{[%clk 0:54:07]} 53. b4 {[%clk 0:11:45]} h4 {[%clk 0:54:27]} 54. gxh4
{[%clk 0:09:10]} gxh4 {[%clk 0:54:56]} 55. b5 {[%clk 0:09:08]} h3
{[%clk 0:53:48]} 56. gxh3 {[%clk 0:09:28]} Bxh3 {[%clk 0:54:07]} 57. b6
{[%clk 0:07:56]} Bg2 {[%clk 0:54:02]} 58. Kc7 {[%clk 0:08:10]} d4
{[%clk 0:54:18]} 59. Bb5 {[%clk 0:08:32]} f5 60. Bc6 {[%clk 0:08:56]} Bxc6
{[%clk 0:53:17]} 1-0

[Event "World Chess Olympiad 2018"]
[Site "Batumi"]
[Date "2018.10.01"]
[Round "7"]
[Board "1"]
[WhiteFideId "4300106"]
[White "Dive Russell John"]
[BlackFideId "3508684"]
[Black "Sanchez Alvarez Roberto Carlos"]
[Result "0-1"]
[LiveChessVersion "1.4.8"]
[BlackElo "2391"]
[WhiteElo "2297"]

1. Nf3 {[%clk 1:30:57]} c5 {[%clk 1:30:39]} 2. c4 {[%clk 1:31:20]} Nc6
{[%clk 1:31:01]} 3. Nc3 {[%clk 1:31:40]} g6 {[%clk 1:31:04]} 4. g3
{[%clk 1:32:00]} Bg7 {[%clk 1:31:23]} 5. Bg2 {[%clk 1:32:25]} e5 {[%clk 1:30:40]}
6. O-O {[%clk 1:32:44]} Nge7 {[%clk 1:30:59]} 7. Ne1 {[%clk 1:33:07]} O-O
{[%clk 1:29:35]} 8. Nc2 {[%clk 1:33:32]} d6 {[%clk 1:29:36]} 9. Ne3
{[%clk 1:33:55]} Be6 {[%clk 1:25:53]} 10. a3 {[%clk 1:32:56]} Qd7
{[%clk 1:21:20]} 11. Re1 {[%clk 1:33:17]} Bh3 {[%clk 1:19:21]} 12. Bh1
{[%clk 1:33:41]} f5 {[%clk 1:19:22]} 13. d3 {[%clk 1:34:05]} f4 {[%clk 1:06:35]}
14. Ned5 {[%clk 1:34:27]} Rf7 {[%clk 1:06:51]} 15. Ne4 {[%clk 1:31:43]} h6
{[%clk 0:55:47]} 16. Nxe7+ {[%clk 1:30:42]} Nxe7 {[%clk 0:54:06]} 17. b4
{[%clk 1:30:52]} Raf8 {[%clk 0:52:11]} 18. Bb2 {[%clk 1:24:26]} b6
{[%clk 0:50:33]} 19. Qd2 {[%clk 1:23:17]} Nf5 {[%clk 0:34:52]} 20. a4
{[%clk 1:15:36]} Nd4 {[%clk 0:27:51]} 21. Bxd4 {[%clk 1:15:49]} exd4
{[%clk 0:28:11]} 22. a5 {[%clk 1:15:33]} Be5 {[%clk 0:26:53]} 23. axb6
{[%clk 1:10:44]} axb6 {[%clk 0:27:23]} 24. Bf3 {[%clk 1:09:38]} Kg7
{[%clk 0:17:13]} 25. Ra6 {[%clk 1:08:38]} Bf5 {[%clk 0:13:45]} 26. Rxb6
{[%clk 1:02:46]} Bxe4 {[%clk 0:14:02]} 27. Bxe4 {[%clk 0:52:42]} fxg3
{[%clk 0:14:23]} 28. fxg3 {[%clk 0:53:03]} Bxg3 {[%clk 0:14:30]} 29. Bg2
{[%clk 0:24:10]} Bxe1 {[%clk 0:14:34]} 30. Qxe1 {[%clk 0:24:33]} Qe6
{[%clk 0:15:02]} 31. bxc5 {[%clk 0:23:13]} Qe3+ {[%clk 0:15:24]} 32. Kh1
{[%clk 0:23:38]} dxc5 {[%clk 0:15:47]} 33. h4 {[%clk 0:21:42]} h5
{[%clk 0:11:07]} 34. Rc6 {[%clk 0:17:37]} Rf2 {[%clk 0:10:34]} 35. Qg1
{[%clk 0:15:50]} Qg3 {[%clk 0:10:35]} 36. Rxg6+ {[%clk 0:06:45]} Qxg6 0-1

[Event "World Chess Olympiad 2018"]
[Site "Batumi"]
[Date "2018.10.01"]
[Round "7"]
[Board "2"]
[WhiteFideId "6600247"]
[White "Baules Jorge"]
[BlackFideId "4300599"]
[Black "Kulashko Alexei"]
[Result "1-0"]
[LiveChessVersion "1.4.8"]
[BlackElo "2349"]
[WhiteElo "2358"]

1. e4 {[%clk 1:30:57]} Nf6 {[%clk 1:30:54]} 2. e5 {[%clk 1:31:22]} Nd5
{[%clk 1:31:21]} 3. d4 {[%clk 1:31:46]} d6 {[%clk 1:31:48]} 4. c4
{[%clk 1:31:59]} Nb6 {[%clk 1:32:12]} 5. Nf3 {[%clk 1:32:09]} dxe5
{[%clk 1:26:42]} 6. Nxe5 {[%clk 1:32:26]} N8d7 {[%clk 1:24:19]} 7. Nxf7
{[%clk 1:27:12]} Kxf7 {[%clk 1:24:43]} 8. c5 {[%clk 1:27:39]} g6 {[%clk 1:05:27]}
9. Nc3 {[%clk 1:23:14]} Bg7 {[%clk 0:58:11]} 10. Be3 {[%clk 1:07:06]} Rf8
{[%clk 0:55:02]} 11. Qb3+ {[%clk 1:04:02]} e6 {[%clk 0:55:06]} 12. O-O-O
{[%clk 1:01:08]} c6 {[%clk 0:53:02]} 13. cxb6 {[%clk 0:58:53]} Nxb6
{[%clk 0:53:19]} 14. h4 {[%clk 0:56:48]} Nd5 {[%clk 0:47:09]} 15. h5
{[%clk 0:55:41]} g5 {[%clk 0:40:19]} 16. h6 {[%clk 0:40:46]} Bf6 {[%clk 0:39:50]}
17. Ne4 {[%clk 0:40:51]} Be7 {[%clk 0:17:07]} 18. Rh5 {[%clk 0:38:03]} Rg8
{[%clk 0:16:59]} 19. Be2 {[%clk 0:31:54]} a5 {[%clk 0:14:49]} 20. Qd3
{[%clk 0:23:49]} Nb4 {[%clk 0:12:38]} 21. Nxg5+ {[%clk 0:11:42]} Bxg5
{[%clk 0:12:55]} 22. Qxh7+ {[%clk 0:12:06]} Kf8 {[%clk 0:13:08]} 23. Bxg5
{[%clk 0:12:19]} Rxg5 {[%clk 0:13:26]} 24. Qh8+ {[%clk 0:12:40]} Rg8
{[%clk 0:13:48]} 25. Qe5 {[%clk 0:12:52]} Kf7 {[%clk 0:13:03]} 26. h7
{[%clk 0:11:32]} Rh8 {[%clk 0:13:15]} 27. Rf5+ {[%clk 0:11:56]} Ke7
{[%clk 0:12:45]} 28. Qc5+ {[%clk 0:12:00]} Qd6 {[%clk 0:10:58]} 29. Rf7+
{[%clk 0:12:22]} Kxf7 {[%clk 0:11:25]} 30. Qxd6 {[%clk 0:12:49]} Rxh7
{[%clk 0:11:39]} 31. a3 {[%clk 0:12:42]} Nd5 {[%clk 0:11:58]} 32. Rd3
{[%clk 0:12:59]} Rh1+ {[%clk 0:11:19]} 33. Kd2 {[%clk 0:13:10]} Nf6
{[%clk 0:11:08]} 34. Rf3 {[%clk 0:13:24]} Rh6 {[%clk 0:09:12]} 35. Qf4
{[%clk 0:11:40]} Kg7 {[%clk 0:09:07]} 36. g4 {[%clk 0:11:55]} e5 {[%clk 0:04:43]}
37. dxe5 {[%clk 0:11:46]} Ng8 {[%clk 0:04:28]} 38. Qf8+ {[%clk 0:10:30]} Kh8
{[%clk 0:04:47]} 39. Bc4 {[%clk 0:10:46]} Be6 {[%clk 0:04:28]} 40. Qxa8
{[%clk 0:41:01]} Bxc4 {[%clk 0:34:55]} 41. Rf6 {[%clk 0:40:26]} Rh7
{[%clk 0:34:57]} 42. f4 {[%clk 0:39:16]} Bd5 {[%clk 0:32:57]} 43. f5
{[%clk 0:38:59]} c5 {[%clk 0:27:09]} 44. e6 {[%clk 0:38:44]} Rh2+
{[%clk 0:26:06]} 45. Ke3 {[%clk 0:39:01]} Rh3+ {[%clk 0:25:40]} 46. Kf4
{[%clk 0:39:01]} Rf3+ {[%clk 0:25:30]} 1-0

[Event "World Chess Olympiad 2018"]
[Site "Batumi"]
[Date "2018.10.01"]
[Round "7"]
[Board "3"]
[WhiteFideId "4300084"]
[White "Ker Anthony F"]
[BlackFideId "6100538"]
[Black "Ramos Efren Andres"]
[Result "1-0"]
[LiveChessVersion "1.4.8"]
[BlackElo "2244"]
[WhiteElo "2315"]

1. e4 {[%clk 1:30:55]} c6 {[%clk 1:30:35]} 2. c4 {[%clk 1:31:16]} d5
{[%clk 1:31:00]} 3. cxd5 {[%clk 1:31:38]} cxd5 {[%clk 1:31:23]} 4. exd5
{[%clk 1:32:02]} Nf6 {[%clk 1:31:25]} 5. Nc3 {[%clk 1:32:25]} g6 {[%clk 1:30:23]}
6. Bc4 {[%clk 1:30:48]} Bg7 {[%clk 1:30:36]} 7. Qb3 {[%clk 1:30:27]} O-O
{[%clk 1:30:45]} 8. Nf3 {[%clk 1:27:24]} Nbd7 {[%clk 1:30:46]} 9. O-O
{[%clk 1:26:57]} Nb6 {[%clk 1:30:34]} 10. d3 {[%clk 1:27:13]} Bg4
{[%clk 1:28:14]} 11. Ne5 {[%clk 1:26:32]} Bf5 {[%clk 1:28:30]} 12. Re1
{[%clk 1:23:58]} Ne8 {[%clk 1:18:54]} 13. Bf4 {[%clk 1:18:12]} Nd6
{[%clk 1:17:32]} 14. Rac1 {[%clk 1:17:05]} Rc8 {[%clk 1:15:55]} 15. Nb5
{[%clk 1:10:40]} g5 {[%clk 1:08:45]} 16. Bg3 {[%clk 1:03:47]} h5 {[%clk 1:02:46]}
17. h3 {[%clk 1:01:38]} Nxb5 {[%clk 0:57:24]} 18. Qxb5 {[%clk 1:01:47]} a6
{[%clk 0:55:11]} 19. Qb3 {[%clk 0:54:13]} h4 {[%clk 0:48:15]} 20. Bh2
{[%clk 0:54:29]} Nd7 {[%clk 0:31:33]} 21. d4 {[%clk 0:39:57]} b5 {[%clk 0:25:42]}
22. Bf1 {[%clk 0:37:28]} Rxc1 {[%clk 0:24:16]} 23. Rxc1 {[%clk 0:37:50]} Nf6
{[%clk 0:22:50]} 24. Nc6 {[%clk 0:36:23]} Qd7 {[%clk 0:22:57]} 25. Qe3
{[%clk 0:31:28]} Nxd5 {[%clk 0:22:38]} 26. Qxg5 {[%clk 0:31:28]} f6
{[%clk 0:22:37]} 27. Qxh4 {[%clk 0:26:28]} Rc8 {[%clk 0:15:39]} 28. Qh5
{[%clk 0:24:15]} Be6 {[%clk 0:12:00]} 29. Nb8 {[%clk 0:23:59]} Qb7
{[%clk 0:12:30]} 30. Rxc8+ {[%clk 0:20:02]} Qxc8 {[%clk 0:12:50]} 31. Qd1
{[%clk 0:19:53]} Bf7 {[%clk 0:11:34]} 32. a4 {[%clk 0:12:19]} e5 {[%clk 0:10:27]}
33. dxe5 {[%clk 0:11:14]} fxe5 {[%clk 0:10:50]} 34. Nxa6 {[%clk 0:11:21]} Qxa6
{[%clk 0:11:14]} 35. Bxb5 {[%clk 0:11:45]} Qb6 {[%clk 0:09:41]} 36. Bc4
{[%clk 0:09:45]} Qc5 {[%clk 0:09:30]} 37. b3 {[%clk 0:09:58]} e4 {[%clk 0:09:11]}
38. Bg3 {[%clk 0:09:37]} e3 {[%clk 0:07:23]} 39. fxe3 {[%clk 0:06:13]} Qxe3+
{[%clk 0:07:17]} 40. Kh2 {[%clk 0:36:09]} Bd4 {[%clk 0:35:15]} 41. Qe1
{[%clk 0:31:54]} Bc3 {[%clk 0:24:54]} 42. Qxe3 {[%clk 0:24:53]} Nxe3
{[%clk 0:22:42]} 43. Bxf7+ {[%clk 0:25:18]} Kxf7 {[%clk 0:23:08]} 44. Bd6
{[%clk 0:25:23]} Ke6 {[%clk 0:22:41]} 45. Bc5 {[%clk 0:24:59]} Nf1+
{[%clk 0:19:03]} 46. Kg1 {[%clk 0:25:22]} Nd2 {[%clk 0:19:30]} 47. b4
{[%clk 0:25:28]} Ne4 {[%clk 0:19:53]} 48. Kf1 {[%clk 0:20:56]} Kd5
{[%clk 0:15:54]} 49. Ke2 {[%clk 0:18:30]} Be5 {[%clk 0:09:40]} 50. Kf3
{[%clk 0:13:48]} Bc3 {[%clk 0:09:39]} 51. h4 {[%clk 0:13:18]} Be1
{[%clk 0:09:24]} 52. h5 {[%clk 0:13:29]} Bd2 {[%clk 0:08:56]} 53. Be7
{[%clk 0:12:29]} Nc3 {[%clk 0:08:29]} 54. a5 {[%clk 0:12:50]} Ke6
{[%clk 0:08:54]} 55. Bc5 {[%clk 0:12:26]} Kd5 {[%clk 0:06:18]} 56. Be3
{[%clk 0:11:41]} Be1 {[%clk 0:06:28]} 57. h6 {[%clk 0:10:25]} Ne4
{[%clk 0:06:09]} 58. a6 {[%clk 0:09:48]} 1-0

[Event "World Chess Olympiad 2018"]
[Site "Batumi"]
[Date "2018.10.01"]
[Round "7"]
[Board "4"]
[WhiteFideId "6600581"]
[White "Tapia Alexei"]
[BlackFideId "4303962"]
[Black "Gong Daniel Hanwen"]
[Result "1-0"]
[LiveChessVersion "1.4.8"]
[BlackElo "2276"]
[WhiteElo "2193"]

1. Nf3 d5 2. g3 Bg4 3. Bg2 Nd7 4. d4 e6 5. O-O c5 6. c4 Ngf6 7. cxd5 Nxd5 8. e4
N5b6 9. Nc3 Be7 10. d5 Ne5 11. Bf4 Ng6 12. Be3 O-O 13. h3 Bxf3 14. Qxf3 Nc4 15.
Qe2 Nxe3 16. Qxe3 e5 17. f4 c4 18. f5 Nh8 19. Rad1 Qc7 20. Kh1 Qc5 21. Qe2 f6 22.
d6 Bxd6 23. Rd5 Qc6 24. Rfd1 Nf7 25. Bf1 Rac8 26. Qd2 Bc7 27. Nb5 a6 28. Na7 Qa4
29. Nxc8 Rxc8 30. Rd7 Qc6 31. Qd5 Qxd5 32. R1xd5 b6 33. Bxc4 Bd6 34. Bb3 1-0

[Event "World Chess Olympiad 2018"]
[Site "Batumi"]
[Date "2018.10.01"]
[Round "7"]
[Board "1"]
[WhiteFideId "12200875"]
[White "Tagelsir Abubaker"]
[BlackFideId "11309504"]
[Black "Mushore Emarald Takudzwa"]
[Result "0-1"]
[LiveChessVersion "1.4.8"]
[BlackElo "2152"]
[WhiteElo "2236"]

1. e4 {[%clk 1:30:12]} e5 {[%clk 1:30:57]} 2. Bc4 {[%clk 1:30:20]} Nc6
{[%clk 1:31:18]} 3. Nf3 {[%clk 1:30:41]} Nf6 {[%clk 1:31:44]} 4. d3
{[%clk 1:31:04]} Be7 {[%clk 1:32:04]} 5. O-O {[%clk 1:31:25]} O-O
{[%clk 1:32:30]} 6. Re1 {[%clk 1:28:55]} d6 {[%clk 1:32:38]} 7. a4
{[%clk 1:29:18]} Na5 {[%clk 1:32:45]} 8. Ba2 {[%clk 1:28:41]} c5 {[%clk 1:33:10]}
9. c3 {[%clk 1:24:23]} Nc6 {[%clk 1:31:43]} 10. Na3 {[%clk 1:22:11]} Bg4
{[%clk 1:29:42]} 11. Nc2 {[%clk 1:22:03]} Qd7 {[%clk 1:29:26]} 12. Ne3
{[%clk 1:22:21]} Be6 {[%clk 1:29:33]} 13. Nd5 {[%clk 1:22:08]} Bg4
{[%clk 1:26:26]} 14. Ne3 {[%clk 1:17:45]} Be6 {[%clk 1:25:39]} 15. Bb1
{[%clk 1:13:55]} d5 {[%clk 1:20:01]} 16. exd5 {[%clk 0:58:07]} Nxd5
{[%clk 1:12:03]} 17. Qc2 {[%clk 0:55:42]} g6 {[%clk 1:10:24]} 18. Nc4
{[%clk 0:46:25]} f6 {[%clk 1:10:24]} 19. h4 {[%clk 0:39:05]} Rfe8
{[%clk 1:06:36]} 20. h5 {[%clk 0:32:23]} Bf7 {[%clk 1:05:33]} 21. hxg6
{[%clk 0:30:45]} hxg6 {[%clk 1:06:00]} 22. Ncd2 {[%clk 0:28:34]} Rad8
{[%clk 1:01:52]} 23. Ne4 {[%clk 0:26:34]} Kg7 {[%clk 1:00:27]} 24. d4
{[%clk 0:17:43]} cxd4 {[%clk 0:59:37]} 25. cxd4 {[%clk 0:15:25]} exd4
{[%clk 0:56:17]} 26. Rd1 {[%clk 0:11:11]} Qg4 {[%clk 0:53:07]} 27. Qd3
{[%clk 0:03:23]} Ndb4 {[%clk 0:52:06]} 28. Qd2 {[%clk 0:03:41]} Rh8
{[%clk 0:50:48]} 29. Qf4 {[%clk 0:02:44]} Qh5 {[%clk 0:50:01]} 30. Ng3
{[%clk 0:03:07]} Qh7 {[%clk 0:46:39]} 31. Qg4 {[%clk 0:03:07]} Kf8
{[%clk 0:46:15]} 32. Bd2 {[%clk 0:01:34]} f5 {[%clk 0:42:40]} 33. Bxf5
{[%clk 0:00:37]} gxf5 {[%clk 0:42:43]} 34. Qxf5 {[%clk 0:00:42]} Qxf5
{[%clk 0:41:23]} 35. Nxf5 {[%clk 0:01:07]} Bb3 {[%clk 0:41:12]} 36. Nxe7
{[%clk 0:01:03]} Kxe7 {[%clk 0:39:33]} 37. Bxb4+ {[%clk 0:01:20]} Nxb4
{[%clk 0:40:00]} 38. Rxd4 {[%clk 0:01:32]} Rxd4 {[%clk 0:40:13]} 39. Nxd4
{[%clk 0:01:47]} Bd5 {[%clk 0:39:53]} 40. Re1+ {[%clk 0:32:03]} Kf6
{[%clk 1:10:01]} 41. Re3 {[%clk 0:25:33]} Rh4 {[%clk 1:09:35]} 42. Nb5
{[%clk 0:25:03]} Nc6 {[%clk 1:09:46]} 43. Nc3 {[%clk 0:25:22]} Ne7
{[%clk 1:07:14]} 44. b4 {[%clk 0:23:52]} Rd4 {[%clk 1:02:34]} 45. f3
{[%clk 0:21:05]} Nf5 {[%clk 0:54:33]} 46. Re8 {[%clk 0:18:26]} Rd3
{[%clk 0:47:32]} 47. Rf8+ {[%clk 0:14:46]} Ke5 {[%clk 0:47:12]} 48. Ne2
{[%clk 0:10:05]} Rd2 {[%clk 0:46:42]} 49. Re8+ {[%clk 0:09:46]} Be6
{[%clk 0:45:25]} 50. f4+ {[%clk 0:06:37]} Kf6 {[%clk 0:44:56]} 51. Nc3
{[%clk 0:07:00]} Kf7 {[%clk 0:43:32]} 52. Rb8 {[%clk 0:06:27]} Ne3
{[%clk 0:42:14]} 53. Rxb7+ {[%clk 0:06:17]} Kg6 {[%clk 0:42:41]} 54. Rb5
{[%clk 0:02:48]} Rxg2+ {[%clk 0:42:43]} 55. Kh1 {[%clk 0:03:13]} Rc2
{[%clk 0:40:14]} 0-1

[Event "World Chess Olympiad 2018"]
[Site "Batumi"]
[Date "2018.10.01"]
[Round "7"]
[Board "2"]
[WhiteFideId "11001933"]
[White "Zhemba Jemusse"]
[BlackFideId "12200085"]
[Black "Nadir Samir"]
[Result "1/2-1/2"]
[LiveChessVersion "1.4.8"]
[BlackElo "2170"]
[WhiteElo "2138"]

1. d4 {[%clk 1:30:50]} d5 {[%clk 1:29:50]} 2. c4 {[%clk 1:31:07]} c6
{[%clk 1:29:47]} 3. g3 {[%clk 1:31:12]} e6 {[%clk 1:25:42]} 4. Bg2
{[%clk 1:31:22]} f5 {[%clk 1:25:52]} 5. Nf3 {[%clk 1:31:30]} Nf6 {[%clk 1:26:13]}
6. O-O {[%clk 1:31:46]} Bd6 {[%clk 1:25:25]} 7. b3 {[%clk 1:29:22]} Qe7
{[%clk 1:22:38]} 8. a4 {[%clk 1:28:08]} Nbd7 {[%clk 1:18:49]} 9. Ba3
{[%clk 1:22:44]} Bxa3 {[%clk 1:18:12]} 10. Nxa3 {[%clk 1:23:04]} O-O
{[%clk 1:18:05]} 11. Qd3 {[%clk 1:21:57]} a5 {[%clk 1:06:30]} 12. cxd5
{[%clk 1:18:29]} exd5 {[%clk 1:02:29]} 13. Qxf5 {[%clk 1:11:17]} Ne4
{[%clk 0:49:23]} 14. Qh5 {[%clk 1:10:10]} Ndf6 {[%clk 0:49:32]} 15. Qh4
{[%clk 1:10:18]} Qb4 {[%clk 0:48:48]} 16. Bh3 {[%clk 0:58:49]} Bxh3
{[%clk 0:32:09]} 17. Qxh3 {[%clk 0:58:43]} Rae8 {[%clk 0:32:25]} 18. Nb1
{[%clk 0:55:09]} Qxb3 {[%clk 0:27:40]} 19. Nbd2 {[%clk 0:46:59]} Nxd2
{[%clk 0:27:25]} 20. Nxd2 {[%clk 0:47:25]} Qc3 {[%clk 0:26:58]} 21. Nf3
{[%clk 0:47:12]} Rxe2 {[%clk 0:26:20]} 22. Ne5 {[%clk 0:46:10]} Re8
{[%clk 0:22:23]} 23. Rad1 {[%clk 0:45:52]} Re4 {[%clk 0:15:02]} 24. Rd3
{[%clk 0:45:17]} Qb4 {[%clk 0:14:52]} 25. Rfd1 {[%clk 0:44:58]} Qxa4
{[%clk 0:11:41]} 26. Qf5 {[%clk 0:44:30]} Qb4 {[%clk 0:10:30]} 27. g4
{[%clk 0:44:05]} Re1+ {[%clk 0:07:28]} 28. Kg2 {[%clk 0:43:51]} Rxd1
{[%clk 0:07:39]} 29. Rxd1 {[%clk 0:44:11]} Qe7 {[%clk 0:07:04]} 30. f3
{[%clk 0:42:40]} c5 {[%clk 0:05:54]} 31. Re1 {[%clk 0:38:52]} cxd4
{[%clk 0:04:37]} 32. g5 {[%clk 0:38:07]} Nh5 {[%clk 0:01:32]} 33. Nd3
{[%clk 0:37:46]} Qf7 {[%clk 0:01:18]} 34. Rxe8+ {[%clk 0:37:21]} Qxe8
{[%clk 0:01:47]} 35. Qxd5+ {[%clk 0:37:19]} Kf8 {[%clk 0:01:06]} 36. Qf5+
{[%clk 0:34:50]} Kg8 {[%clk 0:01:18]} 37. Qd5+ {[%clk 0:35:06]} Kh8
{[%clk 0:01:16]} 38. Qxd4 {[%clk 0:35:25]} Qe2+ {[%clk 0:01:15]} 39. Nf2
{[%clk 0:35:25]} Qe7 {[%clk 0:01:11]} 40. Qg4 {[%clk 1:05:23]} Qe8
{[%clk 0:30:49]} 41. Nd3 {[%clk 1:02:41]} a4 {[%clk 0:21:07]} 42. Ne5
{[%clk 0:59:53]} b5 {[%clk 0:09:29]} 43. Qe4 {[%clk 0:58:43]} g6 {[%clk 0:04:39]}
44. Qd4 {[%clk 0:57:33]} Ng7 {[%clk 0:04:54]} 45. Qd6 {[%clk 0:56:08]} Ne6
{[%clk 0:03:52]} 46. Ng4 {[%clk 0:53:34]} Ng7 {[%clk 0:01:34]} 47. Kf2
{[%clk 0:53:04]} Qa8 {[%clk 0:01:21]} 48. Nh6 {[%clk 0:50:32]} a3
{[%clk 0:00:52]} 49. Qe7 {[%clk 0:47:41]} a2 {[%clk 0:00:43]} 50. Nf7+
{[%clk 0:46:43]} Kg8 {[%clk 0:01:02]} 1/2-1/2

[Event "World Chess Olympiad 2018"]
[Site "Batumi"]
[Date "2018.10.01"]
[Round "7"]
[Board "3"]
[WhiteFideId "12202576"]
[White "Abdelazeez Mohamed Abdalla"]
[BlackFideId "14300753"]
[Black "Masango Spencer"]
[Result "0-1"]
[LiveChessVersion "1.4.8"]
[BlackElo "2121"]
[WhiteElo "2183"]

1. d4 {[%clk 1:29:51]} Nf6 {[%clk 1:30:43]} 2. Nf3 {[%clk 1:30:14]} e6
{[%clk 1:30:44]} 3. Bg5 {[%clk 1:30:08]} c5 {[%clk 1:30:33]} 4. c3
{[%clk 1:26:40]} h6 {[%clk 1:27:30]} 5. Bxf6 {[%clk 1:23:46]} Qxf6
{[%clk 1:27:47]} 6. e3 {[%clk 1:24:12]} cxd4 {[%clk 1:26:08]} 7. exd4
{[%clk 1:24:08]} Be7 {[%clk 1:23:37]} 8. Bd3 {[%clk 1:23:51]} O-O
{[%clk 1:23:32]} 9. Nbd2 {[%clk 1:24:15]} d5 {[%clk 1:21:34]} 10. Qe2
{[%clk 1:22:33]} Nc6 {[%clk 1:21:36]} 11. a4 {[%clk 1:19:56]} Bd6
{[%clk 1:21:35]} 12. O-O {[%clk 1:18:51]} e5 {[%clk 1:17:30]} 13. dxe5
{[%clk 1:15:21]} Nxe5 {[%clk 1:17:43]} 14. Nxe5 {[%clk 1:15:43]} Bxe5
{[%clk 1:18:04]} 15. Rfe1 {[%clk 1:15:54]} Re8 {[%clk 1:11:21]} 16. Qf3
{[%clk 1:15:46]} Qd6 {[%clk 1:05:22]} 17. Nf1 {[%clk 1:15:26]} Bd7
{[%clk 1:05:21]} 18. a5 {[%clk 1:10:56]} Rad8 {[%clk 1:03:28]} 19. Bc2
{[%clk 1:05:52]} Qf6 {[%clk 0:59:47]} 20. Qxf6 {[%clk 1:03:59]} Bxf6
{[%clk 0:59:25]} 21. Rxe8+ {[%clk 1:04:09]} Bxe8 {[%clk 0:58:28]} 22. Rd1
{[%clk 1:01:43]} d4 {[%clk 0:58:18]} 23. c4 {[%clk 0:58:51]} Rc8 {[%clk 0:48:51]}
24. Bd3 {[%clk 0:59:07]} Ba4 {[%clk 0:48:09]} 25. Ra1 {[%clk 0:59:28]} Bc6
{[%clk 0:46:43]} 26. b4 {[%clk 0:59:43]} Bd7 {[%clk 0:44:15]} 27. g3
{[%clk 0:59:50]} Be6 {[%clk 0:44:23]} 28. Nd2 {[%clk 1:00:13]} Be7
{[%clk 0:44:12]} 29. Rb1 {[%clk 0:58:26]} b6 {[%clk 0:43:29]} 30. axb6
{[%clk 0:48:18]} axb6 {[%clk 0:43:52]} 31. f4 {[%clk 0:48:40]} Ra8
{[%clk 0:43:22]} 32. f5 {[%clk 0:20:14]} Bd7 {[%clk 0:41:59]} 33. b5
{[%clk 0:18:38]} Ra2 {[%clk 0:35:08]} 34. Nb3 {[%clk 0:18:54]} g6
{[%clk 0:25:17]} 35. fxg6 {[%clk 0:15:39]} Bg5 {[%clk 0:23:43]} 36. gxf7+
{[%clk 0:14:36]} Kxf7 {[%clk 0:23:47]} 37. Rf1+ {[%clk 0:10:38]} Ke7
{[%clk 0:22:17]} 38. Re1+ {[%clk 0:07:10]} Be3+ {[%clk 0:21:08]} 39. Kh1
{[%clk 0:07:38]} Bh3 {[%clk 0:19:01]} 40. Be4 {[%clk 0:35:51]} Kd6
{[%clk 0:47:22]} 41. Nc1 {[%clk 0:32:23]} Bxc1 {[%clk 0:38:15]} 42. Rxc1
{[%clk 0:32:45]} Kc5 {[%clk 0:38:36]} 43. Kg1 {[%clk 0:32:41]} Re2
{[%clk 0:37:31]} 44. Bf3 {[%clk 0:25:46]} Rd2 {[%clk 0:36:52]} 45. g4
{[%clk 0:22:54]} d3 {[%clk 0:36:26]} 46. Rd1 {[%clk 0:21:49]} Rxd1+
{[%clk 0:35:18]} 47. Bxd1 {[%clk 0:22:18]} Kxc4 {[%clk 0:34:57]} 48. Kf2
{[%clk 0:22:41]} Kxb5 {[%clk 0:34:06]} 49. Kg3 {[%clk 0:22:27]} Kc4
{[%clk 0:33:45]} 50. Kf4 {[%clk 0:10:42]} b5 {[%clk 0:33:55]} 51. Ke3
{[%clk 0:10:34]} Kc3 {[%clk 0:34:08]} 52. Bf3 {[%clk 0:10:21]} b4
{[%clk 0:34:05]} 53. Bd1 {[%clk 0:09:49]} d2 {[%clk 0:33:13]} 0-1